[Event "Martinique-ch"]
[Site "Fort de France"]
[Date "2012.05.18"]
[Round "4.5"]
[White "Merritt, Mario"]
[Black "Christophe Hayot, Vincent"]
[Result "1-0"]
[WhiteElo "2128"]
[BlackElo "1533"]
[PlyCount "49"]
[EventDate "2012.05.??"]
[EventType "swiss"]
[EventRounds "9"]
[EventCountry "MFR"]
[SourceTitle "EXT 2014"]
[Source "ChessBase"]
[SourceDate "2013.11.20"]
[SourceVersion "1"]
[SourceVersionDate "2013.11.20"]
[SourceQuality "1"]

1. c4 c5 2. g3 g6 3. Bg2 Bg7 4. e3 e6 5. Ne2 Ne7 6. Nbc3 Nbc6 7. 0-0 0-0 8. a3 a6 9. Rb1 b6 10. d4 cxd4 11. exd4 Rb8 12. d5 Na7 13. b4 Re8 14. Ne4 b5 15. Bg5 f5 16. Nd6 Rf8 17. Nxc8 Rxc8 18. d6 Bf6 19. dxe7 Qxe7 20. Bxf6 Rxf6 21. c5 e5 22. Nc3 Qd8 23. Qd5+ Re6 24. Rbd1 Rc7 25. Qxe6+ 1-0